| 000 | 00000nam 2200000za 4500 |
| 001 | 9.642661 |
| 003 | CaOODSP |
| 005 | 20220512115559 |
| 007 | cr ||||||||||| |
| 008 | 150407s2007 onc o f000 0 fre d |
| 040 | |aCaOODSP|bfre |
| 043 | |an-cn--- |
| 086 | 1 |aBT58-5/2007F-PDF |
| 110 | 1 |aCanada. |bConseil du trésor. |
| 245 | 10|aGuide d'analyse coûts-avantages pour le Canada |h[ressource électronique] : |bpropositions de réglementation. |
| 260 | |aOttawa, Ontario : |bSecrétariat du Conseil du Trésor du Canada, |cc2007. |
| 300 | |a56 p.|bfigure, références, tableaux |
| 500 | |aLe n° de catalogue (BT58-5/2007) et l'ISBN (978-0-662-05039-1) de l'édition imprimée bilingue ont été incorrectement copiés dans l'édition électronique. |
| 590 | |a13-28-Supp|b2013-12-09 |
| 650 | 6|aCoût-efficacité|xPolitique gouvernementale|zCanada. |
| 775 | 08|tCanadian cost-benefit analysis guide |w(CaOODSP)9.698664 |
| 794 | |tGuide d'analyse coûts-avantages pour le Canada : |b2022|w(CaOODSP)9.910203 |
| 856 | 40|qPDF|s270 Ko|uhttps://publications.gc.ca/collections/collection_2013/sct-tbs/BT58-5-2007-fra.pdf |